00695nam a22002297a 4500003000900000005001700009008002800026020001500054040002200069092001500091100002100106245005100127260004900178300002100227490002200248830002200270942001200292945002600304952010400330956001600434999001500450DO-SdBNP20180117125856.0151005b19uu sp 00| 0 spa d a844020924X aBPMSUbspacBPMSU axxxxbxxxx1 aAllan Poe, Edgar10aBreve charla con una momia /cEdgar Allan Poe. aBarcelona :bLitografía Rosés, c[19--]. a125 p. ;c18 cm.1 aEl observadorv35 0aEl observadorn35 2ddccBK aInventariado, 2018 LP 00102ddc40708CGaBPMETbBPMETd2015-11-03e FUNDIl0pBPMSU15110038r2015-11-03w2015-11-03yBK aLOPEREZb10 c8533d8533